Human resources and personnel management / (Record no. 7099)
[ view plain ]
| 000 -LEADER | |
|---|---|
| fixed length control field | 00940cam a22003015a 4500 |
| 003 - CONTROL NUMBER IDENTIFIER | |
| control field | OSt |
| 005 - DATE AND TIME OF LATEST TRANSACTION | |
| control field | 20151025111526.0 |
| 008 - FIXED-LENGTH DATA ELEMENTS--GENERAL INFORMATION | |
| fixed length control field | 150819t1996 nyu||||frb||| 001 0 eng d |
| 020 ## - INTERNATIONAL STANDARD BOOK NUMBER | |
| International Standard Book Number | 0070695725 (acid-free paper) |
| 020 ## - INTERNATIONAL STANDARD BOOK NUMBER | |
| International Standard Book Number | 0071148493 : |
| 020 ## - INTERNATIONAL STANDARD BOOK NUMBER | |
| International Standard Book Number | 9780071148498 |
| 040 ## - CATALOGING SOURCE | |
| Original cataloging agency | EG-ScBUE |
| Language of cataloging | eng |
| Transcribing agency | EG-ScBUE |
| 082 04 - DEWEY DECIMAL CLASSIFICATION NUMBER | |
| Classification number | 658.3 |
| Item number | WER |
| Edition number | 22 |
| 100 1# - MAIN ENTRY--PERSONAL NAME | |
| Personal name | Werther, William B. |
| 245 10 - TITLE STATEMENT | |
| Title | Human resources and personnel management / |
| Statement of responsibility, etc | William B. Werther, Jr., Keith Davis. |
| 250 ## - EDITION STATEMENT | |
| Edition statement | 5th ed.,international ed. |
| 260 ## - PUBLICATION, DISTRIBUTION, ETC. (IMPRINT) | |
| Place of publication, distribution, etc | New York : |
| Name of publisher, distributor, etc | McGraw-Hill, |
| Date of publication, distribution, etc | c.1996. |
| 300 ## - PHYSICAL DESCRIPTION | |
| Extent | xxxiv; 637 p. |
| Dimensions | 24 cm. |
| 490 ## - Series Statement | |
| Series statement | McGraw-Hill series in management |
| 500 ## - GENERAL NOTE | |
| General note | Icludes indexes. |
| 500 ## - GENERAL NOTE | |
| General note | Glossary : p. 586-611. |
| 504 ## - BIBLIOGRAPHY, ETC. NOTE | |
| Bibliography, etc | Includes bibliographical references. |
| 590 ## - LOCAL NOTE (RLIN) | |
| Local note | doaa mohamed |
| 650 #0 - SUBJECT ADDED ENTRY--TOPICAL TERM | |
| Topical term or geographic name as entry element | Personnel management. |
| Source of heading or term | BUEsh |
| 651 ## - SUBJECT ADDED ENTRY--GEOGRAPHIC NAME | |
| Source of heading or term | BUEsh |
| 700 1# - ADDED ENTRY--PERSONAL NAME | |
| Personal name | Davis, Keith, |
| Dates associated with a name | 1918- |
| 942 ## - ADDED ENTRY ELEMENTS (KOHA) | |
| Call number prefix | 658.3W499 |
| Source of classification or shelving scheme | Dewey Decimal Classification |
| Withdrawn status | Item status | Source of classification or shelving scheme | Materials specified (bound volume or other part) | Damaged status | Not for loan | Home library | Current library | Shelving location | Date acquired | Source of acquisition | Total Checkouts | Full call number | Barcode | Date last seen | Koha item type | Total Renewals | Date last borrowed |
|---|---|---|---|---|---|---|---|---|---|---|---|---|---|---|---|---|---|
| Lost | Dewey Decimal Classification | Lost In Inventory_2005-2015/8/22 | Central Library | Central Library | First floor | 02/01/2008 | Purchase | 658.3 WER | 000005299 | 15/07/2013 | Book - Borrowing | ||||||
| Dewey Decimal Classification | Central Library | Central Library | First floor | 07/09/2012 | Purchase | 8 | 658.3 WER | 000005752 | 15/07/2025 | Book - Borrowing | 25 | 04/02/2016 | |||||
| Dewey Decimal Classification | Central Library | Central Library | First floor | 02/01/2008 | Purchase | 1 | 658.3 WER | 000008303 | 15/07/2025 | NB - Book (Non borrowing) | 12/11/2009 |